Geography Quiz

Random Geography or State Quiz
Score 0/20 Timer 06:00
0 Plays Today
Rank City % Correct
1Seattle
99.6%
3Tacoma
78.4%
2Spokane
75.6%
4Vancouver
57.8%
5Bellevue
45.8%
12Bellingham
45.2%
11Yakima
42.1%
7Everett
40.6%
19Redmond
31.4%
6Kent
30.1%
Rank City % Correct
8Renton
29.4%
10Federal Way
25.1%
14Kennewick
25%
16Pasco
22.9%
15Auburn
20.5%
9Spokane Valley
15.4%
13Kirkland
15.2%
18Sammamish
13.3%
17Marysville
7.9%
20South Hill
7%
Come Together.
Have Fun.
All Virtual.
We all need to come together. Play Sporcle's virtual live trivia to have fun, connect with people, and get your trivia on. Join a live hosted trivia game for your favorite pub trivia experience done virtually. If a virtual private party is more your thing, go here for details.

You're not logged in!

Compare scores with friends on all Sporcle quizzes.
OR
Log In

Sporcle TV

Today on Sporcle TV


Watch our educational content, quiz creation guides, and fun videos on Sporcle TV.

Show Comments

Extras

Top Quizzes Today


Score Distribution

Paid Content

Your Account Isn't Verified!

In order to create a playlist on Sporcle, you need to verify the email address you used during registration. Go to your Sporcle Settings to finish the process.

Report this User

Report this user for behavior that violates our Community Guidelines.

Details: